[Event "IM Not A GM Speed Chess"]
[Site "chess.com INT"]
[Date "2020.04.19"]
[Round "1.20"]
[White "Zatonskih, Anna"]
[Black "Shahade, Gregory"]
[Result "1-0"]
[WhiteTitle "IM"]
[BlackTitle "IM"]
[WhiteElo "2420"]
[BlackElo "2476"]
[WhiteFideId "14101572"]
[BlackFideId "2009064"]
[EventDate "2020.04.18"]

1. e4 e5 2. Nf3 Nc6 3. Bb5 a6 4. Ba4 Nf6 5. O-O Be7 6. Re1 b5 7. Bb3 O-O 8. d3
d6 9. c3 Na5 10. Bc2 c5 11. Nbd2 Nc6 12. Nf1 Re8 13. a4 b4 14. d4 cxd4 15. cxd4
exd4 16. Nxd4 Nxd4 17. Qxd4 Bb7 18. Ng3 Rc8 19. Bb3 d5 20. e5 Bc5 21. Qf4 Nd7
22. Nf5 Nf8 23. Be3 Ng6 24. Qg3 Rxe5 25. Bxc5 Rxe1+ 26. Rxe1 Rxc5 27. h4 h5 28.
Re7 Bc8 29. Qe3 Bd7 30. Qxc5 Bxf5 31. Re1 Be6 32. Rd1 Qxh4 33. Bxd5 Nf4 34. Bxe6
fxe6 35. Qc8+ Kh7 36. Qc2+ Kh6 37. g3 Qg4 38. Qd2 g5 39. Re1 h4 40. Qe3 hxg3 41.
fxg3 Ng6 42. Rf1 e5 43. Rf2 e4 44. Rh2+ Kg7 45. Kg2 Ne5 46. Rh1 Kf6 47. Rc1 Kg6
48. Rc5 Nf3 49. Rc6+ Kh5 50. Rc7 Nh4+ 51. Kg1 Nf5 52. Qe2 Nxg3 53. Qh2+ Qh4 54.
Rc6 e3 55. Qxh4+ Kxh4 56. Rxa6 e2 57. Re6 Kg4 58. a5 Kf4 59. a6 Ne4 60. Rxe4+
Kxe4 61. Kf2 Kd3 62. Ke1 g4 63. a7 g3 64. a8=Q g2 65. Qxg2 Kc2 66. Qxe2+ Kb3 67.
Kf2 Ka2 68. Ke3 Kb3 69. Kd4 Ka2 70. Kc4 b3 71. Kc3 Kb1 72. Kxb3 Kc1 73. Kc3 Kb1
74. b4 Ka1 75. Qb2# 1-0

[Event "IM Not A GM Speed Chess"]
[Site "chess.com INT"]
[Date "2020.04.22"]
[Round "1.21"]
[White "Shahade, Gregory"]
[Black "Zatonskih, Anna"]
[Result "1-0"]
[WhiteTitle "IM"]
[BlackTitle "IM"]
[WhiteElo "2476"]
[BlackElo "2420"]
[WhiteFideId "2009064"]
[BlackFideId "14101572"]
[EventDate "2020.04.18"]

1. e4 d5 2. exd5 Qxd5 3. Nc3 Qd6 4. d4 c6 5. Nf3 Bg4 6. h3 Bxf3 7. Qxf3 Qxd4 8.
Be3 Qb4 9. O-O-O Nf6 10. a3 Qa5 11. Bc4 e6 12. g4 Nbd7 13. Rhe1 Be7 14. g5 Nd5
15. Nxd5 cxd5 16. Bxd5 exd5 17. Bd2 Qb5 18. Bb4 O-O 19. Rxe7 Rae8 20. Qxd5 Qxd5
21. Rxd5 Nb6 22. Rde5 Rxe7 23. Rxe7 Rb8 24. Bd6 Rd8 25. Rxb7 h6 26. Bc7 Rd7 27.
Rb8+ Kh7 28. Bxb6 axb6 29. gxh6 gxh6 30. Rxb6 Rd5 31. a4 Rf5 32. b4 Rxf2 33. a5
f5 34. a6 Re2 35. a7 Re1+ 36. Kb2 1-0

[Event "IM Not A GM Speed Chess"]
[Site "chess.com INT"]
[Date "2020.04.22"]
[Round "1.22"]
[White "Zatonskih, Anna"]
[Black "Shahade, Gregory"]
[Result "1-0"]
[WhiteTitle "IM"]
[BlackTitle "IM"]
[WhiteElo "2420"]
[BlackElo "2476"]
[WhiteFideId "14101572"]
[BlackFideId "2009064"]
[EventDate "2020.04.18"]

1. d4 Nf6 2. c4 e6 3. Nf3 Bb4+ 4. Bd2 Qe7 5. g3 Nc6 6. a3 Bxd2+ 7. Qxd2 O-O 8.
Bg2 d6 9. O-O e5 10. d5 Nb8 11. Nc3 a5 12. b4 Na6 13. Rfb1 Bd7 14. Ne1 Rfc8 15.
Nd3 h6 16. h3 c6 17. dxc6 bxc6 18. b5 cxb5 19. cxb5 Nc5 20. Nxc5 dxc5 21. Bxa8
Rxa8 22. Nd5 Nxd5 23. Qxd5 Re8 24. Kh2 Rc8 25. b6 Bc6 26. Qxc6 Rxc6 27. b7 1-0

[Event "IM Not A GM Speed Chess"]
[Site "chess.com INT"]
[Date "2020.04.22"]
[Round "1.23"]
[White "Shahade, Gregory"]
[Black "Zatonskih, Anna"]
[Result "0-1"]
[WhiteTitle "IM"]
[BlackTitle "IM"]
[WhiteElo "2476"]
[BlackElo "2420"]
[WhiteFideId "2009064"]
[BlackFideId "14101572"]
[EventDate "2020.04.18"]

1. e4 d5 2. exd5 Qxd5 3. Nc3 Qd6 4. d4 c6 5. Nf3 Nf6 6. Bc4 Bg4 7. h3 Bxf3 8.
Qxf3 Qxd4 9. Bb3 Nbd7 10. Be3 Qd6 11. Rd1 Qc7 12. O-O e6 13. Rfe1 Be7 14. Bf4
Qa5 15. Bd6 Bxd6 16. Rxd6 O-O-O 17. Ne4 Qxe1+ 18. Kh2 Qxe4 19. Qxe4 Nxe4 20. Rd4
Ndf6 21. Rxd8+ Rxd8 0-1

[Event "IM Not A GM Speed Chess"]
[Site "chess.com INT"]
[Date "2020.04.18"]
[Round "1.1"]
[White "Rosen, Eric"]
[Black "Paehtz, Elisabeth"]
[Result "0-1"]
[WhiteTitle "IM"]
[BlackTitle "IM"]
[WhiteElo "2353"]
[BlackElo "2473"]
[WhiteFideId "2032562"]
[BlackFideId "4641833"]
[EventDate "2020.04.18"]

1. e4 c5 2. Nc3 a6 3. g3 b5 4. Bg2 Bb7 5. d3 e6 6. f4 Nc6 7. Nf3 d6 8. O-O Qc7
9. a4 b4 10. Ne2 Nf6 11. Kh1 Be7 12. h3 h5 13. Be3 d5 14. e5 Nd7 15. c3 g6 16.
Bf2 a5 17. Qd2 Ba6 18. Rfd1 Rb8 19. Kg1 Qb7 20. Rdc1 bxc3 21. bxc3 Qb2 22. Qd1
Qb3 23. Qd2 Kf8 24. g4 hxg4 25. hxg4 Kg7 26. Bg3 Qb2 27. Qd1 Qb3 28. Qd2 Qb2 29.
Qe3 d4 30. cxd4 cxd4 31. Qe4 Nc5 32. Qxc6 Qxe2 33. Rxc5 Bxc5 34. Re1 Qc2 35. f5
Bb7 36. f6+ Kg8 37. Qc7 Bxf3 38. Bxf3 Rf8 39. Re2 Qxd3 40. Kg2 Qa3 41. Rc2 Bb4
42. Rf2 d3 43. Bf4 d2 44. Bxd2 Bxd2 45. Rxd2 Qe3 46. Rf2 Qh6 47. Kg3 Qh3+ 48.
Kf4 g5+ 49. Ke3 Qg3 50. Qd6 Rh1 51. Rc2 Re1+ 52. Kd3 Qxf3+ 53. Kd2 Re2+ 54. Kd1
Rxc2+ 55. Kxc2 Rc8+ 56. Kb1 Qe2 57. Qd4 Rc2 0-1

[Event "IM Not A GM Speed Chess"]
[Site "chess.com INT"]
[Date "2020.04.19"]
[Round "1.2"]
[White "Paehtz, Elisabeth"]
[Black "Rosen, Eric"]
[Result "0-1"]
[WhiteTitle "IM"]
[BlackTitle "IM"]
[WhiteElo "2473"]
[BlackElo "2353"]
[WhiteFideId "4641833"]
[BlackFideId "2032562"]
[EventDate "2020.04.18"]

1. d4 d5 2. Nf3 Nf6 3. Bf4 c5 4. e3 Nc6 5. Nbd2 cxd4 6. exd4 Bf5 7. c3 e6 8. Qb3
Bd6 9. Bg3 a6 10. Be2 h6 11. O-O O-O 12. Rfe1 Rb8 13. Bf1 Bxg3 14. hxg3 Na5 15.
Qd1 b5 16. Ne5 Nc4 17. Nc6 Qb6 18. Nxb8 Rxb8 19. b3 Nd6 20. f3 Rc8 21. g4 Bg6
22. Nb1 Bxb1 23. Rxb1 Rxc3 24. Qd2 Rc8 25. Rbc1 Re8 26. Qb4 Nd7 27. Kh1 a5 28.
Qc3 Rc8 29. Qd2 Re8 30. Rc2 h5 31. Rec1 hxg4 32. Rc6 Qb8 33. Bd3 e5 34. Bf5 Nxf5
35. Rc7 Ng3+ 36. Kh2 Nf1+ 37. Rxf1 Qxc7 38. Rc1 Qd6 39. fxg4 e4+ 40. Kg1 e3 41.
Qe2 Qf4 42. Rd1 Nf6 43. g5 Ng4 0-1

[Event "IM Not A GM Speed Chess"]
[Site "chess.com INT"]
[Date "2020.04.20"]
[Round "1.3"]
[White "Rosen, Eric"]
[Black "Paehtz, Elisabeth"]
[Result "1/2-1/2"]
[WhiteTitle "IM"]
[BlackTitle "IM"]
[WhiteElo "2353"]
[BlackElo "2473"]
[WhiteFideId "2032562"]
[BlackFideId "4641833"]
[EventDate "2020.04.18"]

1. c4 b6 2. d4 Bb7 3. Bf4 e6 4. Nf3 Bb4+ 5. Nfd2 f5 6. e3 Nf6 7. a3 Bxd2+ 8.
Nxd2 O-O 9. Qc2 d6 10. Bd3 Nbd7 11. O-O-O Qe7 12. Rhg1 e5 13. Bg5 e4 14. Be2 c5
15. g4 cxd4 16. exd4 Rac8 17. gxf5 d5 18. Bh6 Rf7 19. Kb1 Kh8 20. Bg5 dxc4 21.
f3 c3 22. bxc3 Qxa3 23. Nc4 Qe7 24. Bxf6 Rxf6 25. fxe4 Bxe4 26. Bd3 Bxd3 27.
Qxd3 Qf7 28. Nb2 b5 29. Qxb5 Rb6 30. Qa4 Rcb8 31. Rd2 Qxf5+ 32. Ka1 Nf6 33. Qc2
Qa5+ 34. Kb1 Rxb2+ 35. Qxb2 Rxb2+ 36. Rxb2 h5 37. c4 Qc3 38. Rc1 Qxd4 39. c5 Nd5
40. Rbc2 Qb4+ 41. Ka1 Qa4+ 42. Kb2 Nb4 43. c6 Nxc2 44. Rxc2 Qb4+ 45. Ka2 Qa5+
46. Kb3 Qc7 47. Kb4 g5 48. Kc5 Kg7 49. Rd2 Qb6+ 50. Kd5 Qd8+ 51. Ke6 Qxd2 52. c7
Qc3 53. Kd7 g4 54. Kc8 h4 55. Kb7 g3 56. h3 Qxc7+ 57. Ka8 g2 1/2-1/2

[Event "IM Not A GM Speed Chess"]
[Site "chess.com INT"]
[Date "2020.04.22"]
[Round "1.4"]
[White "Paehtz, Elisabeth"]
[Black "Rosen, Eric"]
[Result "0-1"]
[WhiteTitle "IM"]
[BlackTitle "IM"]
[WhiteElo "2473"]
[BlackElo "2353"]
[WhiteFideId "4641833"]
[BlackFideId "2032562"]
[EventDate "2020.04.18"]

1. d4 d5 2. Bf4 Nf6 3. e3 c5 4. c3 cxd4 5. exd4 Nc6 6. Nd2 Bf5 7. Ngf3 e6 8. g3
Bd6 9. Bxd6 Qxd6 10. Bg2 O-O 11. O-O b5 12. a3 a5 13. Re1 Nd7 14. a4 Rfb8 15.
Nh4 Bg6 16. Nxg6 hxg6 17. Qc2 b4 18. h4 Rc8 19. Qd3 Rab8 20. Bf3 e5 21. dxe5
Ndxe5 22. Qxd5 Nxf3+ 23. Qxf3 Qxd2 24. Rad1 Qxb2 25. Rd7 Qb3 26. h5 gxh5 27.
Qxh5 bxc3 28. Kg2 g6 29. Qh6 Qxa4 30. Re6 Qg4 31. Rf6 Qxd7 0-1

[Event "IM Not A GM Speed Chess"]
[Site "chess.com INT"]
[Date "2020.04.23"]
[Round "1.5"]
[White "Rosen, Eric"]
[Black "Paehtz, Elisabeth"]
[Result "0-1"]
[WhiteTitle "IM"]
[BlackTitle "IM"]
[WhiteElo "2353"]
[BlackElo "2473"]
[WhiteFideId "2032562"]
[BlackFideId "4641833"]
[EventDate "2020.04.18"]

1. e4 c5 2. Nc3 Nc6 3. Bb5 Nd4 4. Bc4 a6 5. d3 b5 6. Bb3 e6 7. Nge2 Nxb3 8. axb3
Bb7 9. O-O g6 10. f4 Ne7 11. Qe1 Bg7 12. Be3 Qc7 13. Qh4 f5 14. Ng3 Qc6 15. Rae1
Kf7 16. Re2 b4 17. Na4 d6 18. Rfe1 Rae8 19. Nf1 fxe4 20. dxe4 Qxe4 21. Bxc5 Qd5
22. Bb6 Nf5 23. Qf2 Qc6 24. c3 bxc3 25. bxc3 h5 26. Nd2 Qb5 27. c4 Qb4 28. Rb1
h4 29. Nf3 Bf6 30. Ng5+ Bxg5 31. fxg5 Bc6 32. Bd4 e5 33. Bc3 Qb7 34. Rf1 Kg8 35.
Nb6 Bxg2 36. Rd1 Bc6 37. c5 dxc5 38. Nc4 Rh7 39. Nxe5 Rhe7 40. Rde1 Bb5 41. Ng4
Bxe2 42. Nf6+ Kf7 43. b4 cxb4 44. Ba1 h3 45. Rc1 Re4 46. Rb1 a5 47. Bb2 a4 48.
Bc1 b3 49. Ba3 R8e6 50. Rxb3 axb3 51. Bc5 Rxf6 52. gxf6 Rg4+ 53. Qg3 Rxg3+ 54.
Kf2 Qf3+ 0-1

[Event "IM Not A GM Speed Chess"]
[Site "chess.com INT"]
[Date "2020.04.24"]
[Round "1.6"]
[White "Paehtz, Elisabeth"]
[Black "Rosen, Eric"]
[Result "0-1"]
[WhiteTitle "IM"]
[BlackTitle "IM"]
[WhiteElo "2473"]
[BlackElo "2353"]
[WhiteFideId "4641833"]
[BlackFideId "2032562"]
[EventDate "2020.04.18"]

1. e4 e5 2. Nf3 Nf6 3. Nc3 Nc6 4. d4 exd4 5. Nxd4 Bb4 6. Nxc6 bxc6 7. Bd3 d5 8.
exd5 cxd5 9. Qe2+ Be7 10. O-O O-O 11. Bg5 c6 12. Rae1 Be6 13. h3 c5 14. b3 Qa5
15. Bd2 Qc7 16. Qf3 Qd7 17. Bb5 Qc7 18. Bg5 Rad8 19. Bd3 h6 20. Bf4 Qa5 21. Be5
c4 22. Bf5 Bxf5 23. Qxf5 d4 24. Na4 Bb4 25. Rd1 Rfe8 26. f4 Bd6 27. Rxd4 Bxe5
28. fxe5 Rxd4 29. exf6 Qxf5 30. Rxf5 cxb3 31. axb3 Rd2 32. fxg7 Ree2 33. Nc5
Rxg2+ 34. Kf1 Rh2 35. Kg1 Rdg2+ 36. Kf1 Rxc2 37. Kg1 Rhd2 0-1

[Event "IM Not A GM Speed Chess"]
[Site "chess.com INT"]
[Date "2020.04.25"]
[Round "1.7"]
[White "Rosen, Eric"]
[Black "Paehtz, Elisabeth"]
[Result "1-0"]
[WhiteTitle "IM"]
[BlackTitle "IM"]
[WhiteElo "2353"]
[BlackElo "2473"]
[WhiteFideId "2032562"]
[BlackFideId "4641833"]
[EventDate "2020.04.18"]

1. c4 b6 2. d4 Bb7 3. Bf4 e6 4. Nf3 Bb4+ 5. Nfd2 f5 6. a3 Bxd2+ 7. Qxd2 Nf6 8.
Nc3 O-O 9. e3 d6 10. O-O-O Nbd7 11. Kb1 Qe7 12. Rg1 a6 13. h3 Rab8 14. g4 Ne4
15. Qc2 e5 16. dxe5 dxe5 17. Bh2 Nxc3+ 18. Qxc3 f4 19. Bd3 Nc5 20. Bc2 a5 21.
Rge1 fxe3 22. Rxe3 Rxf2 23. Bxe5 Qf7 24. Bd4 Ne6 25. Qd3 Nf8 26. Rde1 Rf3 27.
Rxf3 Qxf3 28. Qxf3 Bxf3 29. Re7 Ng6 30. Rxg7+ Kf8 31. Rxh7 Ne7 32. Bf6 Ng8 33.
Bg7+ Kf7 34. Be5+ Ke6 35. Bxc7 Rb7 36. Bf5+ Kf6 37. Bd8+ Ke5 38. Rxb7 Bxb7 39.
Bxb6 a4 40. Kc2 Nf6 41. Kc3 Kf4 42. Bc7+ Ke3 43. g5 Ne4+ 44. Bxe4 Bxe4 45. h4
Bg6 46. b4 axb3 47. Kxb3 1-0

[Event "IM Not A GM Speed Chess"]
[Site "chess.com INT"]
[Date "2020.04.26"]
[Round "1.8"]
[White "Paehtz, Elisabeth"]
[Black "Rosen, Eric"]
[Result "0-1"]
[WhiteTitle "IM"]
[BlackTitle "IM"]
[WhiteElo "2473"]
[BlackElo "2353"]
[WhiteFideId "4641833"]
[BlackFideId "2032562"]
[EventDate "2020.04.18"]

1. e4 e5 2. Bc4 Nf6 3. d3 Nc6 4. Nf3 Bc5 5. c3 a6 6. Bb3 Ba7 7. h3 h6 8. Qe2 d6
9. Nbd2 Ne7 10. Nf1 Ng6 11. g4 Be6 12. Ng3 Qd7 13. Nf5 Rg8 14. Be3 Bxe3 15. fxe3
Ne7 16. Bc2 Bxf5 17. exf5 Nc6 18. d4 O-O-O 19. O-O-O Rge8 20. d5 Na7 21. e4 Nh7
22. Qe3 Kb8 23. Bd3 Nf8 24. g5 h5 25. Kb1 Qa4 26. Bc2 Qa5 27. Nd2 Nd7 28. Nb3
Qb5 29. Qf3 Rh8 30. Rc1 Qb6 31. c4 Nc5 32. Nd2 a5 33. Qc3 Qa6 34. Nb3 b6 35.
Nxc5 bxc5 36. Ba4 Ka8 37. Qc2 Rb8 38. a3 Rb6 39. Ka1 Rhb8 40. Rb1 Nc8 41. h4 Ka7
42. Rh3 Ne7 43. Rb3 c6 44. Rxb6 Qxb6 45. f6 gxf6 46. gxf6 Ng8 47. dxc6 Nxf6 48.
Bb5 Qc7 49. Rf1 Ng4 50. Qd2 Kb6 51. Qg5 Re8 52. Qxh5 Ne3 53. Rxf7 Re7 54. Rxe7
Qxe7 55. Qg5 Nc2+ 56. Kb1 Qxg5 57. hxg5 Nd4 58. g6 Ne6 59. Kc1 Kc7 60. Kd2 Kd8
61. Kc3 Ke7 62. Kb3 Kf6 63. Ka4 Kxg6 64. Kxa5 Kg5 65. Kb6 Kf4 66. c7 Nxc7 67.
Kxc7 Kxe4 68. Kxd6 Kd4 69. b4 e4 70. Bd7 cxb4 71. axb4 Kxc4 72. b5 e3 73. b6 e2
74. b7 e1=Q 75. Be6+ Kd4 76. Kd7 Qg3 77. Kd8 Qb8+ 78. Bc8 Kc5 79. Kd7 Kb6 80.
Ke7 Ka7 81. Ke6 Qg3 82. Kd7 Kb8 83. Ke6 Qc7 84. Kd5 Qc1 85. Ke6 Qh6+ 86. Kd5 Kc7
87. Ke4 Qd6 0-1

[Event "IM Not A GM Speed Chess"]
[Site "chess.com INT"]
[Date "2020.04.23"]
[Round "1.9"]
[White "Rosen, Eric"]
[Black "Paehtz, Elisabeth"]
[Result "1-0"]
[WhiteTitle "IM"]
[BlackTitle "IM"]
[WhiteElo "2353"]
[BlackElo "2473"]
[WhiteFideId "2032562"]
[BlackFideId "4641833"]
[EventDate "2020.04.18"]

1. e4 g6 2. d4 Bg7 3. Nf3 d6 4. Bc4 e6 5. Bb3 a6 6. a4 Nc6 7. c3 Nge7 8. O-O O-O
9. Re1 d5 10. Nbd2 Na5 11. Bc2 dxe4 12. Nxe4 Nc4 13. Rb1 Nd6 14. Bg5 f6 15. Bd2
Nd5 16. b3 a5 17. Rc1 b6 18. c4 Nb4 19. Bb1 Bb7 20. Qe2 Re8 21. Bc3 Qd7 22. Rcd1
Rad8 23. Ng3 Nf7 24. Qd2 Bh6 25. Qe2 Bg7 26. Ne4 f5 27. Neg5 Nxg5 28. Nxg5 Bc8
29. Nf3 Nc6 30. Qb2 Qf7 31. Rd2 h6 32. Rde2 g5 33. d5 g4 34. Nh4 Bxc3 35. Qxc3
exd5 36. Rxe8+ Rxe8 37. Rxe8+ Qxe8 38. cxd5 Nb4 39. Bxf5 Nxd5 40. Qd2 Bxf5 41.
Nxf5 Nf6 42. Nxh6+ Kh7 43. Nf5 Qe5 44. Qh6+ Kg8 45. Qg7# 1-0

[Event "IM Not A GM Speed Chess"]
[Site "chess.com INT"]
[Date "2020.04.18"]
[Round "1.10"]
[White "Paehtz, Elisabeth"]
[Black "Rosen, Eric"]
[Result "0-1"]
[WhiteTitle "IM"]
[BlackTitle "IM"]
[WhiteElo "2473"]
[BlackElo "2353"]
[WhiteFideId "4641833"]
[BlackFideId "2032562"]
[EventDate "2020.04.18"]

1. d4 d5 2. Nf3 Nf6 3. Bg5 Ne4 4. Bf4 c5 5. e3 Nc6 6. c3 Qb6 7. Qb3 c4 8. Qxb6
axb6 9. Nbd2 Bf5 10. Nxe4 Bxe4 11. Nd2 Bg6 12. e4 e6 13. a3 b5 14. Rc1 dxe4 15.
g4 Be7 16. Bg2 f5 17. h4 h6 18. h5 Bh7 19. gxf5 exf5 20. Ke2 Bg5 21. Bd6 Kd7 22.
Bb4 Nxb4 23. axb4 Ra2 24. Rb1 Re8 25. Bh3 Kd6 26. Rhd1 f4 27. Bg4 e3 0-1

[Event "IM Not A GM Speed Chess"]
[Site "chess.com INT"]
[Date "2020.04.23"]
[Round "1.11"]
[White "Rosen, Eric"]
[Black "Paehtz, Elisabeth"]
[Result "0-1"]
[WhiteTitle "IM"]
[BlackTitle "IM"]
[WhiteElo "2353"]
[BlackElo "2473"]
[WhiteFideId "2032562"]
[BlackFideId "4641833"]
[EventDate "2020.04.18"]

1. e4 e6 2. d4 d5 3. exd5 exd5 4. Nf3 Bd6 5. c4 dxc4 6. Bxc4 c6 7. O-O Ne7 8.
Nc3 O-O 9. Bg5 h6 10. Bh4 Qc7 11. d5 Ng6 12. Bg3 Bxg3 13. hxg3 b5 14. Bd3 b4 15.
Bxg6 bxc3 16. d6 Qd8 17. Be4 cxb2 18. Rb1 Be6 19. Rxb2 Qa5 20. Nd4 Bd5 21. Bb1
Qa3 22. Qc2 g6 23. Qd2 Kh7 24. Nb5 cxb5 25. Qxd5 Qxb2 26. Qxa8 Nd7 27. Qxa7 Nf6
28. Qe7 Kg7 29. Bxg6 Qxa2 30. Bd3 Qd5 31. Rd1 Re8 32. Qxe8 Nxe8 33. Be2 Qxd1+
34. Bxd1 Nxd6 35. Kf1 Kf6 36. Ke2 Ke5 37. Kd3 Kd5 38. Bb3+ Kc5 39. g4 f6 40. f4
Nc4 41. Bxc4 bxc4+ 42. Kc3 Kd5 43. g5 hxg5 44. fxg5 fxg5 45. Kd2 Kd4 46. Kc2 g4
47. Kd2 c3+ 48. Kc2 g3 49. Kd1 Kd3 50. Kc1 c2 0-1

[Event "IM Not A GM Speed Chess"]
[Site "chess.com INT"]
[Date "2020.04.23"]
[Round "1.12"]
[White "Paehtz, Elisabeth"]
[Black "Rosen, Eric"]
[Result "1/2-1/2"]
[WhiteTitle "IM"]
[BlackTitle "IM"]
[WhiteElo "2473"]
[BlackElo "2353"]
[WhiteFideId "4641833"]
[BlackFideId "2032562"]
[EventDate "2020.04.18"]

1. b3 e5 2. Bb2 Nc6 3. e3 Nf6 4. Bb5 e4 5. Ne2 a6 6. Bxc6 dxc6 7. O-O Bd6 8. f4
exf3 9. Rxf3 Bg4 10. Bxf6 gxf6 11. Rf2 Rg8 12. Nbc3 Qe7 13. Qf1 O-O-O 14. Nf4
Bxf4 15. exf4 Bf5 16. Re1 Qc5 17. Rc1 Rxd2 18. Na4 Qe3 19. Re1 Qd4 20. c3 Qd5
21. Rxd2 Qxd2 22. Qf2 Rd8 23. c4 Qxf2+ 24. Kxf2 b6 25. Nc3 Rd2+ 26. Re2 Rd3 27.
Re3 Kd7 28. Rxd3+ Bxd3 29. Ke3 Bf5 30. Ne2 c5 31. h3 b5 32. g4 Bc2 33. Nc3 b4
34. Ne4 Bxe4 35. Kxe4 Ke6 36. Kf3 f5 37. Kg3 Kf6 38. Kh4 Kg6 39. Kg3 fxg4 40.
hxg4 h5 41. Kh4 hxg4 42. Kxg4 Kf6 43. Kg3 Kf5 44. Kf3 a5 45. Ke3 c6 46. Kf3 f6
47. Ke3 Ke6 48. Kf3 f5 49. Kg3 Kf6 50. Kh3 Kg6 51. Kg3 Kh6 52. Kh3 Kh5 53. Kg3
Kg6 54. Kh3 Kh6 55. Kh4 Kg6 56. Kg3 Kh5 57. Kh3 Kh6 58. Kg3 Kg6 59. Kh3 Kf6 60.
Kg3 Kg6 1/2-1/2

[Event "IM Not A GM Speed Chess"]
[Site "chess.com INT"]
[Date "2020.04.23"]
[Round "1.13"]
[White "Rosen, Eric"]
[Black "Paehtz, Elisabeth"]
[Result "1-0"]
[WhiteTitle "IM"]
[BlackTitle "IM"]
[WhiteElo "2353"]
[BlackElo "2473"]
[WhiteFideId "2032562"]
[BlackFideId "4641833"]
[EventDate "2020.04.18"]

1. c4 b6 2. d4 Bb7 3. Bf4 e6 4. Nf3 f5 5. a3 Nf6 6. Nc3 g6 7. Qc2 Bg7 8. e3 d6
9. c5 O-O 10. cxd6 cxd6 11. Bc4 Qe7 12. Ng5 Nd5 13. Nxe6 Qxe6 14. Qb3 Nd7 15.
Bxd5 Bxd5 16. Qxd5 Kf7 17. Bxd6 Rac8 18. Qxe6+ Kxe6 19. Bxf8 Bxf8 20. Kd2 Nf6
21. f3 Bh6 22. Kd3 Kd6 23. e4 fxe4+ 24. fxe4 Ng4 25. Raf1 Ke6 26. h3 Ne3 27. Rf2
Nc4 28. Rhf1 Bg7 29. d5+ Kd6 30. Rc2 Ne5+ 31. Ke2 Rc5 32. Rfc1 Ke7 33. Na2 Rb5
34. Rc7+ Kf6 35. b4 Bh6 36. Rf1+ Kg5 37. Nc3 1-0

[Event "IM Not A GM Speed Chess"]
[Site "chess.com INT"]
[Date "2020.04.23"]
[Round "1.14"]
[White "Paehtz, Elisabeth"]
[Black "Rosen, Eric"]
[Result "1/2-1/2"]
[WhiteTitle "IM"]
[BlackTitle "IM"]
[WhiteElo "2473"]
[BlackElo "2353"]
[WhiteFideId "4641833"]
[BlackFideId "2032562"]
[EventDate "2020.04.18"]

1. e4 e5 2. Bc4 Nf6 3. d3 Nc6 4. Nf3 Bc5 5. c3 a6 6. Bb3 Ba7 7. h3 d5 8. Qe2
dxe4 9. dxe4 Qe7 10. Nbd2 Na5 11. Bc2 Bd7 12. a4 O-O 13. b4 Nc6 14. Nc4 Rfe8 15.
a5 Rad8 16. Be3 Be6 17. Bxa7 Bxc4 18. Qxc4 Nxa7 19. O-O c6 20. Bb3 Nb5 21. Rfe1
Nd6 22. Qc5 Ndxe4 23. Qb6 Nd5 24. Rxe4 Nxb6 25. axb6 Kh8 26. Nxe5 Qxe5 27. Rxe5
Rxe5 28. Bxf7 Rd3 29. Ra3 Re2 30. Bh5 Rc2 31. Bg4 Rdxc3 32. Rxa6 g6 33. Ra8+ Kg7
34. Ra7 Rb3 35. Rxb7+ Kf6 36. Rxh7 Rxb4 37. b7 Rcb2 38. Bc8 c5 39. Rc7 c4 40. f4
R2b3 41. Kh2 c3 42. h4 Rb2 43. Rc6+ Kg7 44. Rxc3 Rxf4 45. Rc7+ Kf6 46. Rc6+ Kg7
47. Rc3 Rff2 48. Rg3 Kf6 49. Rg4 Kf7 50. Kh3 Rb3+ 51. g3 Rbb2 52. Rf4+ Rxf4 53.
gxf4 Kf6 54. Kg4 Rb3 55. h5 gxh5+ 56. Kxh5 Rb4 57. Kg4 Rb3 58. f5 Rb4+ 59. Kf3
Ke5 60. Ke2 Rb6 61. Kd3 Kf6 62. Kc4 Rb1 63. Kc5 Rxb7 64. Bxb7 Kxf5 1/2-1/2

[Event "IM Not A GM Speed Chess"]
[Site "chess.com INT"]
[Date "2020.04.23"]
[Round "1.15"]
[White "Rosen, Eric"]
[Black "Paehtz, Elisabeth"]
[Result "1-0"]
[WhiteTitle "IM"]
[BlackTitle "IM"]
[WhiteElo "2353"]
[BlackElo "2473"]
[WhiteFideId "2032562"]
[BlackFideId "4641833"]
[EventDate "2020.04.18"]

1. e4 g6 2. d4 Bg7 3. Nf3 c6 4. h3 d6 5. Nc3 Nf6 6. a4 O-O 7. Bd3 a5 8. O-O Na6
9. Re1 Nb4 10. Bc4 d5 11. Bb3 dxe4 12. Nxe4 Nxe4 13. Rxe4 Bf5 14. Re2 Qc7 15. c3
Nd5 16. Ne5 Rad8 17. Qe1 Bc8 18. Nd3 e6 19. Bg5 Rde8 20. Bh4 b6 21. Bg3 Qd8 22.
Qd2 Ba6 23. Ree1 Bxd3 24. Qxd3 Qd7 25. Rad1 f5 26. Be5 Bxe5 27. Rxe5 Qd6 28.
Rde1 Kf7 29. Qe2 Kf6 30. Qd2 Kg7 31. Qe2 Kf6 32. Qa6 Qc7 33. Qd3 Re7 34. Qg3
Rfe8 35. Bxd5 cxd5 36. Rxe6+ Rxe6 37. Rxe6+ 1-0

[Event "IM Not A GM Speed Chess"]
[Site "chess.com INT"]
[Date "2020.04.23"]
[Round "1.16"]
[White "Paehtz, Elisabeth"]
[Black "Rosen, Eric"]
[Result "0-1"]
[WhiteTitle "IM"]
[BlackTitle "IM"]
[WhiteElo "2473"]
[BlackElo "2353"]
[WhiteFideId "4641833"]
[BlackFideId "2032562"]
[EventDate "2020.04.18"]

1. Nf3 d5 2. c4 e6 3. g3 Nf6 4. Bg2 dxc4 5. O-O Nc6 6. Qa4 Bd6 7. Qxc4 e5 8. Nc3
O-O 9. d3 h6 10. Qa4 Be6 11. Nd2 Qd7 12. Nc4 Rfe8 13. Nxd6 cxd6 14. Re1 a6 15.
Qd1 Rac8 16. Na4 Rcd8 17. Be3 Bh3 18. Nb6 Qe6 19. Bh1 Ng4 20. Bd2 d5 21. f3 Nf6
22. Na4 Nd4 23. Nc5 Qb6 24. b4 Ne6 25. Rc1 Rc8 26. Qc2 Rc7 27. a3 Rec8 28. Be3
d4 29. Bd2 Nxc5 30. bxc5 Rxc5 31. Qa4 Bd7 32. Qb4 Qxb4 33. axb4 Rc2 34. Red1 Ba4
35. Rxc2 Rxc2 36. Be1 Rxe2 37. Rc1 Bc6 38. Bg2 Nd5 39. Kf1 Rb2 40. Bf2 Nxb4 41.
f4 Bxg2+ 0-1

[Event "IM Not A GM Speed Chess"]
[Site "chess.com INT"]
[Date "2020.04.23"]
[Round "1.17"]
[White "Paehtz, Elisabeth"]
[Black "Rosen, Eric"]
[Result "0-1"]
[WhiteTitle "IM"]
[BlackTitle "IM"]
[WhiteElo "2473"]
[BlackElo "2353"]
[WhiteFideId "4641833"]
[BlackFideId "2032562"]
[EventDate "2020.04.18"]

1. Nf3 d5 2. g3 e6 3. Bg2 Nf6 4. O-O Be7 5. d3 O-O 6. Nbd2 b6 7. e4 dxe4 8. dxe4
Bb7 9. e5 Nfd7 10. c3 Nc6 11. Qe2 Qc8 12. Nc4 a5 13. a4 Rd8 14. Bf4 Nf8 15. h4
h6 16. h5 Nh7 17. Rfe1 Bf8 18. Qe3 Ne7 19. g4 Nd5 20. Qc1 Nxf4 21. Qxf4 Be7 22.
Ne3 Ng5 23. Nxg5 Bxg5 24. Qg3 Bxg2 25. Nxg2 Qd7 26. f4 Be7 27. g5 Qd3 28. Re3
Bc5 29. Re1 Bxe3+ 30. Rxe3 Qd1+ 31. Re1 Qxh5 32. gxh6 Qxh6 33. Ne3 Rd3 34. Kf2
Rd2+ 35. Re2 Rad8 36. Rxd2 Rxd2+ 37. Ke1 Qh2 38. Qf3 Rxb2 39. Qa8+ Kh7 40. Qe4+
g6 41. Ng4 Qg1# 0-1